000 03297nam a22003735a 4500
005 20090525151146.0
008 090202s2009 ii af b 001 0 eng d
010 _aENG-93718
020 _a9788123753850
_c100.00
035 _aEN-77251
035 _aB-365497-507
037 _aDBAD / PUB
037 _aNorth India Publishers & Distributors
040 _adpl
_bEnglish
082 _a954.083
245 _aNehru and Azad on 1857
260 _aNew Delhi
_bNational Book Trust, India
_c2007
270 _aNehru Bhawan, 5 Institutional Area, Phase - II, Vasant Kunaj,
_bNew Delhi
_e110070
300 _a36p.
_c21cm(Hb)
942 _2ddc
_cEN
_mNEH
_h954.083
999 _c26773
_d26773